000 00974nam a22002295i 4500
001 53791
003 ES-MaACL
005 20230906162830.0
007 t|
008 960708s1840 sp ||||1| spa d
040 _aCAM
_bspa
_cCAM
080 _a94(460)
080 _a94(460)"1568/70"
100 1 _aFernández-Guerra y Orbe, Aureliano.
_949837
245 1 0 _aReflexiones sobre la rebelión de los moriscos y censo de población
_b: insertas en el "Boletín Oficial de Granada" y reimpresas de órden de la Excma. Diputación provincial /
_c[Aureliano Fernández-Guerra y Orbe].
250 _aCorr. y aum. en esta ed.
260 _aGranada :
_b[s.n.],
_c1840 (
_fImprenta de Gómez y Compañía)
300 _aVI, 49, [6] p. ;
_c21 cm.
594 _aAutor (p. 49): Aureliano Fernández Guerra y Orbe.
651 4 _aEspaña-
_xHistoria-
_y1568-1570, Guerra de las Alpujarras.
_9149632
852 _aES-MaACL
_jL-4904(11-6)
_z.- Enc. en un vol. facticio
999 _c53791
_d53791